000
00213nam a2200097Ia 4500
008
240331s9999 xx 000 0 und d
082
_b
THI
100
_a
Thiruchelvam,N
245
0
_a
civil outhuleiyamayum
942
_c
L
999
_c
5007
_d
5007